🇧🇷 Quiz – Seleção Brasileira de Futebol - Statistics

Estatísticas Gerais
  • Esse quiz foi jogado 122 vezes
  • A pontuação média é 8 de 9
Estatísticas das Respostas
Dicas Respostas % Correto
Único jogador brasileiro a vencer três Copas do Mundo Pelé
99%
Jogador com mais gols pela Seleção Brasileira Neymar
96%
Ano da primeira Copa do Mundo vencida pelo Brasil 1958
94%
Jogador com mais partidas disputadas pelo Brasil Cafu
94%
Capitão do título de 2002 Cafu
94%
Adversário do Brasil na final de 1994 Itália
94%
Jogador que marcou dois gols na final de 2002 Ronaldo Fenômeno
88%
Local (país) onde o Brasil foi campeão em 1970 México
81%
Técnico que mais comandou a Seleção Zagallo
76%
Nenhum quiz correspondente encontrado
Distribuição das Pontuações
Porcentagem de Pessoas com Cada Pontuação
Percentil de Números Respondidos
Sua Pontuação Histórica
Você não jogou esse quiz